| 000 | 00424 a2200133 4500 | ||
|---|---|---|---|
| 001 | ART_43593 | ||
| 005 | 20260410162024.0 | ||
| 008 | 260409a | ||
| 245 | 1 | 0 | _aNondiscrimination rules and the distribution of fringe benefit |
| 100 | 1 | _aCarrington, William J. | |
| 700 | 1 | _aMcCue, Kristin | |
| 700 | 1 | _aPierce, Brooks | |
| 773 | 0 |
_tJournal of labor economics _g- Vol. 20, NÂș 2/2 (abr. 2002) _wREV43438 |
|
| 999 |
_c33413 _d33413 |
||